000 00575nam a2200241 a 4500
001 nice12345678
003 IN_TiNIC
005 20260116015139.0
008 050524s1952 leia grp 000 0 eng
020 _a
_c100
082 0 0 _a297.822
_bIVA8
100 _aIvanow,
245 _aBrief Survey of the Evolution of Ismailism
260 _aLeiden
_bE.J. Brill
_c1952
300 _a91p
500 _aincludes index and biblioraphy
505 2 _aXerox Copy
650 _aIsmailis-Hitory
700 1 _aIvanow,
902 _bSRS
942 _cBK
999 _c18497
_d18497